| 000 | 00531nam a2200217Ia 4500 | ||
|---|---|---|---|
| 003 | OSt | ||
| 005 | 20230425143655.0 | ||
| 008 | 210423s1973 xx 000 0 und d | ||
| 020 | _a70994137 | ||
| 040 | _cAL | ||
| 041 | _aeng | ||
| 082 | _a575.1 SINE | ||
| 100 |
_aSINNOTT (Enmund);others. _992673 |
||
| 245 | _aPrinciples of genetics. | ||
| 260 |
_aNew Delhi _bTata McGrawhill _c1973 |
||
| 300 |
_axiv,459 _bPB |
||
| 365 |
_b185 _cINR |
||
| 650 |
_aGenetics _992674 |
||
| 906 | _agenetics. ; Principles | ||
| 942 |
_2ddc _cBK |
||
| 999 |
_c162647 _d162647 |
||